| 000 | 00606nam a22002417a 4500 | ||
|---|---|---|---|
| 003 | UA-OsUOA | ||
| 001 | 30343 | ||
| 007 | ta | ||
| 008 | 20041109b un ||||| |||| 00| 0 ukr d | ||
| 100 | _aЛаврецкий И. Р. | ||
| 090 |
_a929:355(73) _bЛ13 |
||
| 942 | _cBK | ||
| 040 |
_aUA-OsUOA _brus _cUA-OsUOA _dUA-OsUOA |
||
| 245 | _aСимон Боливар | ||
| 300 | _a99 с. | ||
| 955 | _a0 | ||
| 041 | _arus | ||
| 080 | _a929:355(73) | ||
| 260 |
_aМосква _bСоциально-экономической литературы _c1958 |
||
| 044 | _aRU | ||
| 650 | 7 | _2UDC | |
| 999 |
_c316754 _d316754 |
||